El milenio huérfano: ensayos para una nueva cultura política

Saved in:
Bibliografiske detaljer
Hovedforfatter: Santos, Boaventura de Sousa (Author)
Format: Bog
Sprog:spansk
Udgivet: Madrid Trotta 2005
Serier:Colección Estructuras y Procesos. Serie Ciencias Sociales
Fag:
Tags: Tilføj Tag
Ingen Tags, Vær først til at tagge denne postø!

MARC

LEADER 00000nam a2200000 a 4500
001 UCI5911
003 CL-VaPUC
008 080411e20050000SP |||||||||||||||||spa|d
020 |a 8481647500 
082 0 4 |a 306.42  |b SAN  |2 21 
100 0 |a Santos, Boaventura de Sousa  |e author  |9 528561 
245 1 3 |a El milenio huérfano: ensayos para una nueva cultura política  
300 |a 374 p 
942 |c BK 
945 |d 20080411 00:00:00  |a jtorresc 
260 |a Madrid  |b Trotta  |c 2005 
650 0 |a Cultura política  |9 257401 
650 0 |a Sociología política   |9 255920 
650 0 |a Democracia  |9 255256 
650 0 |a Aspectos políticos   |9 257400 
650 0 |a Globalización  |9 361930 
583 |a last modification  |c 20080411 00:00:00  |k Rodrigo Vera 
490 0 |a Colección Estructuras y Procesos. Serie Ciencias Sociales 
999 |c 329551  |d 329549 
952 |0 0  |1 0  |4 0  |6 306_420000000000000_SAN_2005  |7 0  |8 A  |9 414427  |a BIBEDU  |b BIBEDU  |d 2019-11-22  |i 4426363  |o 306.42 SAN 2005  |p 4426363  |r 2019-11-22  |w 2019-11-22  |y BK  |k PSI 
952 |0 0  |1 0  |4 0  |6 306_420000000000000_SAN_2005  |7 0  |8 A  |9 414428  |a BIBGIM  |b BIBGIM  |d 2019-11-22  |i 4431863  |o 306.42 SAN 2005  |p 4431863  |r 2025-01-15  |w 2019-11-22  |y BK  |k SSL